Honda Models - Statistics

General Stats
  • This quiz has been taken 178 times
  • The average score is 10 of 20
Answer Stats
Picture Answer % Correct
Civic Si
94%
Accord
88%
CR-V
77%
Jazz/Fit
77%
NSX
74%
HR-V
69%
S2000
66%
Prelude
60%
CR-X
53%
Pilot
52%
CR-Z
46%
Ridgeline
43%
City
41%
e
41%
Beat
36%
Legend
26%
S660
24%
ZR-V
22%
BR-V
18%
Mobilio
11%
No matching quizzes found
Score Distribution
Percent of People with Each Score
Percentile by Number Answered
Your Score History
You have not taken this quiz